Prierezové charakteristiky súčasného agropotravinárskeho dodávateľského reťazca s akcentom na komodity živočíšneho pôvodu : [ ... projektu "Ekonomické aspekty potravinovej vertikály v podmienkach EÚ"]

Bibliographic Details
Main Authors: Matošková, Dagmar (Author), Belešová, Svetlana (Author), Borecká, Svetlana (Author), Krížová, Slávka (Author)
Format: Book
Language:Slovak
PhysicalDescription:128 s., [19] s. tab. príl. grafy, sch., tab. 30 cm
Published: Bratislava Výskumný ústav ekonomiky poľnohospodárstva a potravinárstva 2011
ISBN:9788080585570
Edition:1. vyd.
Series:Štúdia č. 172/2011
Subjects:

MARC

LEADER 00000nam a2200000 a 4500
001 vtls010273638
003 SK-MaSNL
005 20260302011729.0
008 251124s2011 xo dl f 000 0 slo
015 |a SNBA2011/06-03541 
020 |a 9788080585570  |q (brož.) 
035 |a 7F6F1ECD-C983-4EC3-BBF7-F926EC262A0E 
035 |a urn:nbn:sk:snk-amk1fa 
035 |a urn:nbn:sk:snk-am0087hg 
040 |a SNK  |b slo  |c SNK  |e AACR2 
041 0 |a slo  |b slo 
044 |a xo  |c SK 
072 7 |a 63  |x Poľnohospodárstvo a príbuzné oblasti vedy a techniky  |2 konspekt 
080 |a 633/637  |2 2001 
080 |a 005.51  |2 2001 
080 |a 637.1  |2 2001 
080 |a 637  |2 2001 
080 |a 339.54  |2 2001 
080 |a 339.137.2  |2 2001 
080 |a (048.8)  |2 2001 
080 |a 663/664  |2 2001 
100 1 |a Matošková, Dagmar  |4 aut  |9 11679 
245 1 0 |a Prierezové charakteristiky súčasného agropotravinárskeho dodávateľského reťazca s akcentom na komodity živočíšneho pôvodu : [ ... projektu "Ekonomické aspekty potravinovej vertikály v podmienkach EÚ"]  |c Dagmar Matošková a kol. 
250 |a 1. vyd. 
260 |a Bratislava  |b Výskumný ústav ekonomiky poľnohospodárstva a potravinárstva  |c 2011 
300 |a 128 s., [19] s. tab. príl.  |b grafy, sch., tab.  |c 30 cm 
366 |e 20 výt. 
490 1 |a Štúdia  |v č. 172/2011 
504 |a Bibliogr. s. 126-128. Pozn. Zoz. použitých skrat. Zoz. príl. 
546 |a Res. slov. 
650 0 7 |a agropotravinárstvo  |2 SNKPH  |9 677 
650 0 7 |a logistika (manažment)  |2 SNKPH  |9 3620 
650 0 7 |a Business logistics  |2 SNKPHeng  |9 274299 
650 0 7 |a mlieko  |2 SNKPH  |9 3942 
650 0 7 |a Milk  |2 SNKPHeng  |9 303344 
650 0 7 |a živočíšne produkty  |2 SNKPH  |9 91072 
650 0 7 |a Animal products  |2 SNKPHeng  |9 327221 
650 0 7 |a obchodná politika  |2 SNKPH  |9 2326 
650 0 7 |a Trade policy  |2 SNKPHeng  |9 275777 
650 0 7 |a konkurencieschopnosť  |2 SNKPH  |9 15191 
650 0 7 |a Competitiveness  |2 SNKPHeng  |9 314755 
650 0 7 |a potravinárske výrobky  |2 SNKPH  |9 66612 
650 0 7 |a Food products  |2 SNKPHeng  |9 268396 
655 7 |a štúdie  |2 SNKPH  |9 57033 
655 7 |a Studies  |2 SNKPHeng  |9 265573 
700 1 |a Belešová, Svetlana  |4 aut  |9 12940 
700 1 |a Borecká, Svetlana  |4 aut  |9 13025 
700 1 |a Krížová, Slávka  |4 aut  |9 400466 
810 2 |a Výskumný ústav ekonomiky poľnohospodárstva a potravinárstva (Bratislava, Slovensko)  |t Štúdia  |9 302632 
919 |a 978-80-8058-557-0 
958 |a NB 
968 |d 63 
999 |c 1007190  |d 1009120 
952 |a SNK  |b SNK  |y PREZ  |7 0  |p 17A0701509  |o snkSB 81376  |i snk2011/9371  |8 0  |0 0  |1 0  |4 0  |d 2011-04-26  |f 1  |l 0  |r 2025-05-05 00:00:00  |w 2026-02-24 
952 |a SNK  |b SNK  |y VYP  |7 0  |p 17A0701510  |o snkSB 81376 D1  |i snk2011/9372  |8 0  |0 0  |1 0  |4 0  |d 2011-04-26  |l 0  |r 2016-06-30 00:00:00  |w 2026-02-24